<?xml version="1.0" encoding="UTF-8"?>
<record
    xmlns:xsi="http://www.w3.org/2001/XMLSchema-instance"
    xsi:schemaLocation="http://www.loc.gov/MARC21/slim http://www.loc.gov/standards/marcxml/schema/MARC21slim.xsd"
    xmlns="http://www.loc.gov/MARC21/slim">

  <leader>00553cam a2200193 i 4500</leader>
  <datafield tag="999" ind1=" " ind2=" ">
    <subfield code="c">58271</subfield>
    <subfield code="d">58271</subfield>
  </datafield>
  <controlfield tag="001">4585585</controlfield>
  <controlfield tag="005">20211019112228.0</controlfield>
  <controlfield tag="008">750818r1970    cau           000 0 eng  </controlfield>
  <datafield tag="020" ind1=" " ind2=" ">
    <subfield code="a">9788779897601</subfield>
  </datafield>
  <datafield tag="041" ind1=" " ind2=" ">
    <subfield code="a">eng</subfield>
  </datafield>
  <datafield tag="080" ind1=" " ind2=" ">
    <subfield code="a">299.93 H-88</subfield>
  </datafield>
  <datafield tag="100" ind1="1" ind2=" ">
    <subfield code="a">Hubbard, L. Ron</subfield>
    <subfield code="q"> </subfield>
    <subfield code="d"> </subfield>
    <subfield code="9">12506</subfield>
  </datafield>
  <datafield tag="245" ind1="1" ind2="0">
    <subfield code="a">Scientology 0-8 :</subfield>
    <subfield code="b">the book of basics /</subfield>
    <subfield code="c">by L. Ron Hubbard.</subfield>
  </datafield>
  <datafield tag="264" ind1=" " ind2=" ">
    <subfield code="a">Los Angeles :</subfield>
    <subfield code="b">New Era,</subfield>
    <subfield code="c">2007. </subfield>
  </datafield>
  <datafield tag="300" ind1=" " ind2=" ">
    <subfield code="a">152 p. ;</subfield>
    <subfield code="c">21 cm.</subfield>
  </datafield>
  <datafield tag="653" ind1=" " ind2=" ">
    <subfield code="a">the book of basics</subfield>
  </datafield>
  <datafield tag="653" ind1=" " ind2=" ">
    <subfield code="a">&#x10E1;&#x10D0;&#x10D1;&#x10D0;&#x10D6;&#x10D8;&#x10E1;&#x10DD; &#x10EC;&#x10D8;&#x10D2;&#x10DC;&#x10D8;</subfield>
  </datafield>
  <datafield tag="942" ind1=" " ind2=" ">
    <subfield code="2">udc</subfield>
    <subfield code="c">BK</subfield>
  </datafield>
  <datafield tag="952" ind1=" " ind2=" ">
    <subfield code="0">0</subfield>
    <subfield code="1">0</subfield>
    <subfield code="2">udc</subfield>
    <subfield code="4">0</subfield>
    <subfield code="6">29993_H88</subfield>
    <subfield code="7">0</subfield>
    <subfield code="9">90991</subfield>
    <subfield code="a">CPL</subfield>
    <subfield code="b">CPL</subfield>
    <subfield code="c">GEN</subfield>
    <subfield code="d">2021-10-19</subfield>
    <subfield code="g">21.00</subfield>
    <subfield code="o">299.93 H-88</subfield>
    <subfield code="p">61878</subfield>
    <subfield code="r">2021-10-19</subfield>
    <subfield code="t">61878</subfield>
    <subfield code="w">2021-10-19</subfield>
    <subfield code="y">BK</subfield>
    <subfield code="z">21 &#x10DA;. 43&#x10D7;.</subfield>
  </datafield>
</record>
